| 000 | 00838nam a22002177a 4500 | ||
|---|---|---|---|
| 003 | St Aloysius Coll | ||
| 005 | 20260306174916.0 | ||
| 008 | 260228b |||||||| |||| 00| 0 eng d | ||
| 020 | _a9788126539017 | ||
| 040 | _cAL | ||
| 082 |
_a574.19214 _bCOWI |
||
| 100 |
_aCowan J A _9257191 |
||
| 245 |
_aInorganic biochemistry _b: an introduction |
||
| 250 | _a2 | ||
| 260 |
_aNew Delhi _bWiley -VCH India Pvt Ltd _c2025 |
||
| 300 |
_axiv, 440p. _bHB _c23.7x16cm |
||
| 365 |
_2General _a6272 _b₹3116.00 _c₹ _d₹3995.00 _e22% _f23/02/2026 |
||
| 520 | _aFundamentals of inorganic biochemistry; Experimental methods; Transport and storage; Metalloproteins and metalloenzymes; Alkali and alkaline earth metals earth; Metals in the regulation of biochemical events | ||
| 650 |
_2Natural Sciences _aBiochemistry _9257192 |
||
| 942 |
_2ddc _cBK |
||
| 999 |
_c240974 _d240974 |
||